Tulunada daivagalu: samskratika vishleshane (Record no. 142875)
[ view plain ]
| 000 -LEADER | |
|---|---|
| fixed length control field | 00785nam a2200241Ia 4500 |
| 003 - CONTROL NUMBER IDENTIFIER | |
| control field | OSt |
| 005 - DATE AND TIME OF LATEST TRANSACTION | |
| control field | 20260209120623.0 |
| 008 - FIXED-LENGTH DATA ELEMENTS--GENERAL INFORMATION | |
| fixed length control field | 210210b2010 xxu||||| |||| 00| 0 eng d |
| 040 ## - CATALOGING SOURCE | |
| Transcribing agency | AL |
| 041 ## - LANGUAGE CODE | |
| Language code of text/sound track or separate title | Kannada |
| 082 ## - DEWEY DECIMAL CLASSIFICATION NUMBER | |
| Classification number | 398.4K BANT |
| 100 ## - MAIN ENTRY--PERSONAL NAME | |
| Personal name | BANNANJE BABU AMIN |
| Dates associated with a name | ಬನ್ನಂಜೆ ಬಾಬು ಅಮೀನ್ |
| 9 (RLIN) | 254096 |
| 245 ## - TITLE STATEMENT | |
| Title | Tulunada daivagalu: samskratika vishleshane |
| Remainder of title | ತುಳುನಾಡ ದೈವಗಳು: ಸಾಂಸ್ಕೃತಿಕ ವಿಶ್ಲೇಷಣೆ |
| 260 ## - PUBLICATION, DISTRIBUTION, ETC. | |
| Place of publication, distribution, etc. | UDupi |
| Name of publisher, distributor, etc. | Kemmalaje Janapada Prakashana |
| Date of publication, distribution, etc. | 2010 |
| 300 ## - PHYSICAL DESCRIPTION | |
| Extent | xii,323 |
| 650 ## - SUBJECT ADDED ENTRY--TOPICAL TERM | |
| Topical term or geographic name entry element | vishlEShaNe |
| 9 (RLIN) | 254097 |
| 650 ## - SUBJECT ADDED ENTRY--TOPICAL TERM | |
| Topical term or geographic name entry element | TuLunADa |
| 9 (RLIN) | 254098 |
| 650 ## - SUBJECT ADDED ENTRY--TOPICAL TERM | |
| Topical term or geographic name entry element | sAmskratika |
| 9 (RLIN) | 254099 |
| 650 ## - SUBJECT ADDED ENTRY--TOPICAL TERM | |
| Topical term or geographic name entry element | daivagaLu: |
| 9 (RLIN) | 254100 |
| 690 ## - LOCAL SUBJECT ADDED ENTRY--TOPICAL TERM (OCLC, RLIN) | |
| Topical term or geographic name as entry element | Folklore |
| 9 (RLIN) | 254101 |
| 906 ## - LOCAL DATA ELEMENT F, LDF (RLIN) | |
| a | 064686 |
| 942 ## - ADDED ENTRY ELEMENTS (KOHA) | |
| Source of classification or shelving scheme | Dewey Decimal Classification |
| Koha item type | Book |
| Withdrawn status | Lost status | Source of classification or shelving scheme | Damaged status | Not for loan | Collection code | Home library | Current library | Shelving location | Date acquired | Source of acquisition | Cost, normal purchase price | Total Checkouts | Full call number | Barcode | Date last seen | Date last checked out | Price effective from | Koha item type |
|---|---|---|---|---|---|---|---|---|---|---|---|---|---|---|---|---|---|---|
| Dewey Decimal Classification | Tulu | St Aloysius Library | St Aloysius Library | 02/17/2021 | Laxmeesha Prakashana, Bantwala-574231 | 500.00 | 1 | 398.4K BANT | 064686 | 04/19/2023 | 04/19/2023 | 02/17/2021 | Book |